MDQL
is popping MORE tags! Check the
thread
!
Quizzes
Events
Quiz Creation
Community
Videos
Private Events
Remove Ads
Sign In
Join for FREE
Feedback
Dark Mode
Quiz Categories
Sports
Geography
Music
Movies
Television
Just For Fun
Miscellaneous
History
Literature
Language
Science
Gaming
Entertainment
Religion
Holiday
For Kids
Quiz Lab
Recent
Popular Today
Quiz Kudos Today
Editor Picks
Curator Picks
Quizzes by...
Day
Popularity
Type
Ratings
Length
Year
Community
Subscriptions
Recent Discussions
Orange Saloon
Badges
Playlists
Quests
Create
Leaderboards
Showdown
Live 5
Trivia Bingo
Activity
Puzzle Library
Sporcle Events
Private Events
Virtual Trivia
Globe League
Become a Host
Pub Owners
SporcleCon
Opinionation
Our Games
Videos
Blog
Mobile Apps
Partnerships
Remove Ads and Go Orange
Feedback
Sports
Athletes
MLB
NBA
NHL
NFL
Soccer
Sports Teams
WWE
NCAA
Football
Premier League
Basketball
Baseball
Hockey
Golf
Tennis
Cricket
Rugby
Auto Racing
Olympics
World Cup
Sports
Athletes
MLB
NBA
NHL
NFL
Soccer
Sports Teams
WWE
NCAA
Football
Premier League
Basketball
Baseball
Hockey
Golf
Tennis
Cricket
Rugby
Auto Racing
Olympics
World Cup
Random Quiz
Search Sporcle
×
Quiz Lab
Quiz Lab
Sports
WWE
Type answers based on single images at one time
Type answers based on single images at one time
Slideshow
Best Score? Go Orange.
25 Headless Wrestlers Part 3 Stats
Can you name the current or former WWE wrestlers without seeing their faces?
By
klc2hbk
5m
25 Questions
507 Plays
507 Plays
507 Plays
Comments
Comments
Give Quiz Kudos
Give Quiz Kudos
-
- Ratings
hide this ad
More Info
Replay
Link that replays current quiz
Next Quiz
Link to next quiz in quiz playlist
You Got
0%
They Got
Avg Score
82%
Avg Friend Score
Upgrade to see
Score Distribution
Jump to the score distribution portion of the page
Score
0/25
Timer
05:00
0
Plays Today
% Correct
Ric Flair
97.2%
Bret Hart
96.8%
Goldberg
95.7%
Sasha Banks
94.7%
Rey Mysterio
92.5%
Charlotte Flair
91.3%
Asuka
90.9%
Edge
89.5%
Paige
89.5%
Daniel Bryan
89.2%
Mick Foley
88.6%
The Honky Tonk Man
87.6%
The Miz
87.2%
% Correct
Christian
84.6%
Jim Duggan
84.2%
Lex Luger
83.2%
Drew McIntyre
79.7%
Ryback
79.5%
The Rock
79.1%
Heath Slater
77.1%
Titus O'Neil
74%
Owen Hart
72.6%
Jeff Jarrett
59.4%
Hillbilly Jim
58.6%
Tyler Breeze
44%
Quiz Playlist
Details
Report
Send in Message
Add To Playlist
More Info:
Use the name that they are or were known as.
Slideshow:
Type answers based on single images at one time
Last Updated: Nov 29, 2017
Quiz Scoreboard
CHALLENGE
Sign Up to Join the Scoreboard
Show All
Scores
Hide
Comments
May contain spoilers
Recently Published
Holiday 10x10 Sorting Gallery
by lukepisani3
Holiday
15m
Two Season TV Shows II
by 123Four
Television
10m
Image Sorting: Flags VI
by Barbecue
Geography
2m
More to Explore
Quiz From the Vault
Featured Blog Post
14 Easter Pick-up Lines to Find Eggs With
hide this ad
You Might Also Like...
Tags
WWE Quiz
face
Former
headless
Seeing
Today's Top Quizzes in Sports
Browse Sports
hide this ad
Today's Top Quizzes in WWE
Browse WWE
Top Contributed Quizzes in Sports
1
Les meilleurs buteurs des matchs entre le PSG et l’OM
2
Les entraîneurs de l'OM et du PSG au 21e siècle
3
2022 World Cup Stars
4
Les joueurs passés par le PSG et l'OM
5
Players with Multiple 50 Home Run Seasons
6
FIFA Club World Cup Champions
7
Top 10 NHL Goal Scorers of All Time
8
Les joueurs passés par le LOSC et le RC Lens
9
Criteria MLB: Left Handed Sluggers
10
2023 MLB Unique Player Accomplishments
Explore More
Trending Topics
Anime
Harry Potter
Kpop
Marvel
Crossword
Disney
NBA
The Office
NFL
Puzzle
WWE
Soccer
Song
Pokémon
Country
hide this ad
More By:
klc2hbk
Quiz
Plays
Rating
Category
Featured
Created
25 Headless Wrestlers
4,098
4.50
Sports
Nov 10, 2017
1880-1899 Most Popular US Baby Names
3,346
4.77
Miscellaneous
Sep 20, 2018
25 Headless Wrestlers Part 2
2,716
4.42
Sports
Nov 28, 2017
20 Celebrities in Disguise
1,704
4.75
Entertainment
Feb 21, 2019
10 to 1 Movies by Actor
1,242
3.00
Movies
Jul 19, 2017
Go to Creator's Profile
Score Distribution
Quiz Creator Spotlight
klc2hbk
Follow
Send a Message
Quizzes Created
-
Created Quiz Play Count
-
More By This Creator
Popular Quizzes Today
1
Find the US States - No Outlines Minefield
2
Colored Red Africa Blitz
3
Find the 'City' Movie
4
The Countries of the World
5
5x2 Blitz: Bands
6
Find the US States
7
Find the Countries of Europe - No Outlines Minefield
8
US States
More Sports Quizzes
Fabio Cannavaro's Clubs
Quiz Lab
Trending Quizzes
Colored Red Europe Blitz I
Colored Red Europe Blitz II
Colored Red Africa Blitz II
Colored Red Europe Blitz III
Colored Red Africa Blitz III
Recently Updated
Odd Team Out - Big 4 Players
pecheneg
Quick Pick: 20 Twenties
pecheneg
March Madness Men's Triple Doubles
pecheneg
How Do You Spell That?
pecheneg
Godzilla Movies
pecheneg
Grab Bag: 4-10 Letters
pecheneg
2024 March Madness Bracket
pecheneg
Famous TV Couples
Peacemaker
Champions League XIs: Real Madrid
pecheneg
Largest US Cities 1790-2010
pecheneg
Trending Topics
Disney
Anime
Harry Potter
Marvel
Kpop
Crossword
NBA
Song
Soccer
NFL
Puzzle
WWE
Country
Pokémon
The Office
Your Account Isn't Verified!
In order to create a playlist on Sporcle, you need to verify the email address you used during registration. Go to your
Sporcle Settings
to finish the process.
Report this User
Report this user for behavior that violates our
Community Guidelines
.
Details:
Send Report
Go to the Sporcle.com Mobile Site →
Comments